000
00244nam a2200097Ia 4500
001
758869
005
20250826164905.0
008
250824s9999 xx 000 0 und d
245
0
_a
TAPINAKTAKİ SIR
_c
ALMILA AYDIN
260
_b
ALTIN KİTAP YAYINLARI
999
_c
758869
_d
758869